000 00293nam a22001337a 4500
008 260428b ||||| |||| 00| 0 eng d
020 _a003-800070999321
041 _aShqip
080 _a821.01
100 _a40
101 _aRoman
245 _aTestamenti
_cFransua Vijon
942 _2udc
_cBK
999 _c61014
_d61014